| 000 | 00444cam a2200157ua 4500 | ||
|---|---|---|---|
| 003 | OSt | ||
| 008 | 240222b |||||||| |||| 00| 0 eng d | ||
| 041 | _aeng | ||
| 082 |
_a631.41 _bHOO/SO |
||
| 100 |
_aHood, Teresa M . _96094 |
||
| 245 | _aSoil and plant analysis in sustainable agriculture and environment / | ||
| 260 |
_aGeorgia : _bMicro-macro publishing , _c1997. |
||
| 300 | _a863 ; . | ||
| 700 | 1 |
_aJones, Benton J . _96095 |
|
| 942 | _cBK | ||
| 999 |
_c4823 _d4823 |
||